Statistics for U.S. Cities by Spanish Speaking Population

Click here to take the quiz!

General Stats

  • This quiz has been taken 2,444 times
    (2,164 since last reset)
  • The average score is 36 of 64

Answer Stats

Spanish speakers (5 or Older) Total Population Metro Area % Correct
4,413,59012,849,383Los Angeles-Long Beach-Santa Ana, CA
98%
3,506,71118,919,983New York-Northern New Jersey-Long Island, NY-NJ-PA
98%
2,091,7825,582,351Miami-Fort Lauderdale-Pompano Beach, FL
95%
1,596,7895,977,092Houston-Sugar Land-Baytown, TX
93%
1,324,1526,402,922Dallas-Fort Worth-Arlington, TX
93%
673,1624,345,320San Francisco-Oakland-Fremont, CA
92%
1,497,4989,474,211Chicago-Joilet-Naperville, IL-IN-WI
91%
732,0233,105,989San Diego-Carlsbad-San Marcos, CA
91%
773,1584,211,213Phoenix-Mesa-Glendale, AZ
86%
328,7964,560,689Boston-Cambridge-Quincy, MA
85%
203,2293,449,059Seattle-Tacoma-Bellevue, WA
85%
465,5905,288,302Atlanta-Sandy Springs-Marietta, GA
82%
723,4582,157,897San Antonio-New Braunfels, TX
82%
405,2071,954,260Las Vegas-Paradise, NV
81%
333,9972,560,529Denver-Aurora-Broomfield, CO
80%
350,6095,971,483Philadelphia-Camden-Wilmington, PA-NJ-DE-MD
80%
72,7301,173,327New Orleans-Metairie-Kenner, LA
79%
339,9021,728,307Austin-Round Rock-San Marcos, TX
79%
105,7784,291,843Detroit-Warren-Livonia, MI
78%
430,0682,140,795Orlando-Kissimmee-Sanford, FL
77%
168,3072,232,496Portland-Vancouver-Hillsboro, OR-WA
76%
535,466804,338El Paso, TX
75%
336,8952,789,116Tampa-St. Petersburg-Clearwater, FL
74%
53,1032,815,168St. Louis, MO-IL
69%
134,6073,286,195Minneapolis-St. Paul-Bloomington, MN-WI
69%
111,0432,035,747Kansas City, MO-KS
69%
62,2711,350,198Jacksonville, FL
68%
245,6782,154,391Sacramento-Arden Arcade-Roseville, CA
68%
66,1762,075,758Cleveland-Elyria-Mentor, OH
67%
96,0502,714,183Baltimore-Towson, MD
67%
337,0191,843,255San Jose-Sunnyvale-Santa Clara, CA
66%
95,1411,257,845Oklahoma City, OK
65%
82,4011,593,050Nashville-Davidson-Murfreesboro-Franklin, TN
64%
53,4271,316,579Memphis, TN-MS-AR
64%
218,581892,014Albuquerque, NM
63%
86,9311,759,229Indianapolis-Carmel, IN
62%
126,9651,128,998Salt Lake City, UT
61%
140,0911,764,313Charlotte-Gastonia-Rock Hill, NC-SC
59%
607,7115,610,082Washington-Arlington-Alexandria, DC-VA-MD-WV
57%
220,377982,154Tucson, AZ
54%
98,4021,557,244Milwaukee-Waukesha-West Allis, WI
54%
50,3721,840,631Columbus, OH
53%
92,9351,137,552Raleigh-Cary, NC
50%
277,213933,248Fresno, CA
47%
51,579939,345Tulsa, OK
43%
53,590868,238Omaha-Council Bluffs, NE-IA
42%
1,340,3374,245,773Riverside-San Bernardino-Ontario,CA
37%
57,5711,675,343Virginia Beach-Norfolk-Newport News, VA-NC
34%
131,0331,601,498Providence-New Bedford-Fall River, RI-MA
34%
276,342842,207Bakersfield-Delano, CA
31%
112,2391,212,956Hartford-West Hartford-East Hartford, CT
27%
76,254693,141Springfield, MA
26%
95,392862,989New Haven-Milford, CT
18%
165,011687,744Stockton, CA
16%
594,407780,087McAllen-Edinburg-Mission, TX
15%
118,034918,714Bridgeport-Stamford-Norwalk, CT
12%
150,465515,358Modesto, CA
11%
88,481620,151Cape Coral-Fort Myers, FL
11%
232,261825,706Oxnard-Thousand Oaks-Ventura, CA
9%
61,402703,309North Port-Bradenton-Sarasota, FL
8%
55,426799,553Worcester, MA
8%
73,435822,141Allentown-Bethlehem-Easton, PA-NJ
6%
85,005602,788Lakeland-Winter Haven, FL
3%
67,359670,932Poughkeepsie-Newburgh-Middletown, NY
1%

Score Distribution

Percentile by Number Answered

Percent of People with Each Score

Your Score History

You have not taken this quiz since the last reset